000 00788 a2200193 4500
003 NUST
005 20251112183014.0
040 _cNust
082 _a621.382,IQB
100 _aIqbal, Muhammad Rashid (TCC-13)
_9131868
245 _aMicro controller based digital design of data acquisition card for IBM PC /
_cCJUO Muhammad Rashid Iqbal & GC Hassan Askari , GC Umer Zulfiqar and PC Sadaf Abbasi
260 _aRawalpindi
_bMCS (NUST)
_c2005
300 _a114 p.;
505 _aIntroduction (Page-1), Electronic Components (Page-4), Inputs to Card (Page-9), Analog to Digital Conversion (page-20), AT89C51 -Bit Microcontroller (Page-27).
650 _aUG Projects
_998716
651 _aTCC-13
_9126050
700 _aSupervised by Air Cmdr (R0 Saleem Akbar
_9131869
942 _cPR
_2ddc
999 _c183343
_d183343